LEADER 00898nam0-2200313---450- 001 990008308690403321 005 20060406122800.0 010 $a0-471-54411-6 035 $a000830869 035 $aFED01000830869 035 $a(Aleph)000830869FED01 035 $a000830869 100 $a20060406d1991----km-y0itay50------ba 101 0 $aeng 102 $aUS 105 $aa-------001yy 200 1 $aIntroduction to stereochemistry and conformational analysis$fEusebio Juaristi 210 $aNew York$cJohn Wiley & Sons$d1991 215 $a331 p.$d23 cm 610 0 $aStereochimica 676 $a541.223 700 1$aJuaristi,$bEusebio$0500188 801 0$aIT$bUNINA$gRICA$2UNIMARC 901 $aBK 912 $a990008308690403321 952 $a80 XI 80 CFT (2)$bCFT$fFFABC 959 $aFFABC 996 $aIntroduction to stereochemistry and conformational analysis$9745750 997 $aUNINA LEADER 01621nam 2200397 450 001 9910706952903321 005 20231102224126.0 035 $a(CKB)5470000002459949 035 $a(OCoLC)1031278121 035 $a(EXLCZ)995470000002459949 100 $a20180413d2018 ua 0 101 0 $aeng 135 $aurmn||||||||| 181 $ctxt$2rdacontent 182 $cc$2rdamedia 183 $acr$2rdacarrier 200 10$aPatterns and projections of high tide flooding along the U.S. coastline using a common impact threshold /$fWilliam V. Sweet [and three others] 210 1$aSilver Spring, Maryland :$cU.S. Department of Commerce, National Oceanic and Atmospheric Administration, National Ocean Service, Center for Operational Oceanographic Products and Services,$d2018. 215 $a1 online resource (ix, 44 pages) $ccolor illustrations, color maps 225 1 $aNOAA technical report NOS CO-OPS ;$v086 300 $a"February 2018." 320 $aIncludes bibliographical references (pages 35-40). 606 $aFlood warning systems$zUnited States 606 $aTides$zUnited States 606 $aFlood forecasting$zUnited States 615 0$aFlood warning systems 615 0$aTides 615 0$aFlood forecasting 700 $aSweet$b William$g(William VanderVeer),$0303586 712 02$aNOAA Center for Operational Oceanographic Products & Services, 801 0$bGPO 801 1$bGPO 906 $aBOOK 912 $a9910706952903321 996 $aPatterns and projections of high tide flooding along the U.S. coastline using a common impact threshold$93466559 997 $aUNINA